Conciencia y libertad
সংরক্ষণ করুন:
| প্রধান লেখক: | , , , , |
|---|---|
| বিন্যাস: | গ্রন্থ |
| ভাষা: | স্প্যানিশ |
| প্রকাশিত: |
Buenos Aires
Carlos Lohlé
1974
|
| বিষয়গুলি: | |
| ট্যাগগুলো: |
ট্যাগ যুক্ত করুন
কোনো ট্যাগ নেই, প্রথমজন হিসাবে ট্যাগ করুন!
|
MARC
| LEADER | 00000nam a2200000 a 4500 | ||
|---|---|---|---|
| 001 | UCZ2353 | ||
| 003 | CL-VaPUC | ||
| 008 | 950929e19740000AG |||||||||||||||||spa|d | ||
| 082 | 0 | 4 | |a 241 |b KES |2 21 |
| 100 | 0 | |a Kessel, R. van |e author |9 346122 | |
| 700 | 0 | |a Bonsen, J |e author |9 346123 | |
| 700 | 0 | |a Mönks, F |e author |9 346124 | |
| 700 | 0 | |a Leijen, A. J |e author |9 346125 | |
| 700 | 0 | |a Beemer, T |e author |9 346126 | |
| 245 | 1 | 0 | |a Conciencia y libertad |
| 300 | |a 158 p | ||
| 942 | |c BK | ||
| 945 | |d 19950929 00:00:00 |a cmena | ||
| 260 | |a Buenos Aires |b Carlos Lohlé |c 1974 | ||
| 650 | 0 | |a Conciencia |9 309452 | |
| 650 | 0 | |a Conceptos morales |9 310606 | |
| 650 | 0 | |a Libre albedrío |9 334583 | |
| 650 | 0 | |a Iglesia |9 255004 | |
| 650 | 0 | |a Ética |9 255099 | |
| 583 | |a last modification |c 20151117 18:49:35 |k Rodrigo Vera | ||
| 999 | |c 238979 |d 238977 | ||
| 952 | |0 0 |1 0 |4 0 |6 241_000000000000000_KES_1974 |7 0 |8 A |9 249716 |a BIBEDU |b BIBEDU |d 2019-11-18 |i 1567365 |o 241 KES 1974 |p 1567365 |r 2019-11-18 |w 2019-11-18 |y BK |k FIL | ||